00328 a2200097 4500001001000000005001700010008004100027245006800068100002800136773006600164ART_1845620260410161919.0260409a 10aLas recientes modificaciones a la ley de sociedades comerciales1 aMascheroni, Fernando H.0 tLa informacióng- Tomo XXXIV, Nº 561 (sep. 1976)wREV14902